|
|
|
|
| LEADER |
00793nam a2200205 a 4500 |
| 001 |
00027245 |
| 008 |
130723s2005 ii a b 001 0 eng d |
| 020 |
|
|
|a 8171699502
|
| 040 |
|
|
|a BD-DhAAL
|c BD-DhAAL.
|
| 082 |
0 |
0 |
|a 320.6
|2 22
|
| 100 |
1 |
|
|a Rathod, P. B.
|
| 245 |
1 |
0 |
|a Framework of public policy :
|b the discipline and its dimensions /
|c P. B. Rathod
|
| 260 |
|
|
|a New Delhi :
|b Commonwealth,
|c 2005
|
| 300 |
|
|
|a x, 220 p. :
|b ill. ;
|c 25 cm.
|
| 504 |
|
|
|a Includes bibliographical references and index.
|
| 541 |
|
|
|e 00027245
|
| 650 |
|
0 |
|a Policy science
|
| 852 |
1 |
|
|a Ayesha Abed Library
|j General shelf.
|
| 999 |
|
|
|c 13694
|d 13694
|
| 952 |
|
|
|0 0
|1 0
|2 ddc
|4 0
|6 320_600000000000000_RAT
|7 0
|9 22935
|a IGS
|b IGS
|c GEN
|d 2013-07-24
|e Paragon Enterprises Ltd.
|g 899.00
|l 0
|o 320.6 RAT
|p 3010027245
|r 2013-07-24
|t 1
|w 2013-07-24
|y BK
|